Language Quiz

Random Language or French Quiz

Animals in French Quiz Stats

 Plays Quiz Updated Aug 14, 2019

Score 0/12 Timer 03:00
6 Plays Today
% Correct
Chat
94.9%
Chien
81.8%
Taureau
81%
Lapin
77.7%
Cheval
76.8%
Cochon
73.2%
Mouton
72.9%
Souris
68.8%
Renard
67.5%
Chèvre
63.1%
Cerf
55.8%
Hibou
55.7%

You're not logged in!

Compare scores with friends on all Sporcle quizzes.
OR
Log In

Sporcle TV

Today on Sporcle TV


Watch our educational content, quiz creation guides, and fun videos on Sporcle TV.

Show Comments

Extras

Top Quizzes Today


Score Distribution

Your Account Isn't Verified!

In order to create a playlist on Sporcle, you need to verify the email address you used during registration. Go to your Sporcle Settings to finish the process.

Report this User

Report this user for behavior that violates our Community Guidelines.

Details: